000 00399nam a2200121 a 4500
001 000046223
005 20201002052723.0
008 150708s1987 dr 000 0 spa d
040 _aDO-SdBNP
_bspa
_cBNPHU
245 0 0 _aResoluciones del taller celebrado en el mes de marzo del 1987 :
_bred de militantes por el poder popular.
260 _a[Santo Domingo] :
_b[s.l],
_c1987.
300 _a30 p. ;
_c21 cmm.
999 _c45712
_d45712